书目信息 |
| 题名: |
中国农业经济学会第一次学术讨论会论文选辑
|
|
| 作者: | ;中国农业经济学会 编 | |
| 分册: | ||
| 出版信息: | 北京 农业出版社 1979 |
|
| 页数: | 407页 | |
| 开本: | 19cm | |
| 丛书名: | ||
| 单 册: | ||
| 中图分类: | F32-53 | |
| 科图分类: | ||
| 主题词: | 农业经济--中国--文集 | |
| 电子资源: | ||
| ISBN: | ||
| 000 | 00661nam0 2200205 45 | |
| 001 | 0179009160 | |
| 005 | 20060816154213.85 | |
| 010 | @dCNY1.10 | |
| 100 | @a19950915d1979 em y0chiy0121 ea | |
| 101 | 0 | @achi |
| 102 | @aCN@b110000 | |
| 105 | @ay z 100yy | |
| 200 | 10 | @a中国农业经济学会第一次学术讨论会论文选辑@Azhong guo nong ye jing ji xue hui di yi ci xue shu tao lun hui lun wen xuan ji@f中国农业经济学会编 |
| 210 | @a北京@c农业出版社@d1979 | |
| 215 | @a407页@d19cm | |
| 606 | @a农业经济@y中国@x文集 | |
| 690 | @aF32-53@v3 | |
| 711 | 02 | @a中国农业经济学会@Azhong guo nong ye jing ji xue hui@4编 |
| 801 | 0 | @aCN@bTSSF@c20060816 |
| 905 | @a10447@dF32-53@e61 | |
| 中国农业经济学会第一次学术讨论会论文选辑/中国农业经济学会编.-北京:农业出版社,1979 |
| 407页;19cm |
| ISBN :CNY1.10 |
| ● |
| 相关链接 |
|
|
|
|
正题名:中国农业经济学会第一次学术讨论会论文选辑
索取号:F32-53/61
 
预约/预借
| 序号 | 登录号 | 条形码 | 馆藏地/架位号 | 状态 | 备注 |
| 1 | 0459022 | 204590228 | 密集书库/ [索取号:F32-53/61] | 在馆 | |
| 2 | 0464999 | 204649997 | 密集书库/ [索取号:F32-53/61] | 在馆 |